<?xml version="1.0" encoding="UTF-8"?><?xml-stylesheet type="text/xsl" href="static/style.xsl"?><OAI-PMH xmlns="http://www.openarchives.org/OAI/2.0/" xmlns:xsi="http://www.w3.org/2001/XMLSchema-instance" xsi:schemaLocation="http://www.openarchives.org/OAI/2.0/ http://www.openarchives.org/OAI/2.0/OAI-PMH.xsd"><responseDate>2026-04-17T01:02:14Z</responseDate><request verb="GetRecord" identifier="oai:www.recercat.cat:10256/17371" metadataPrefix="marc">https://recercat.cat/oai/request</request><GetRecord><record><header><identifier>oai:recercat.cat:10256/17371</identifier><datestamp>2024-12-18T03:40:56Z</datestamp><setSpec>com_2072_452955</setSpec><setSpec>com_2072_2054</setSpec><setSpec>col_2072_453079</setSpec></header><metadata><record xmlns="http://www.loc.gov/MARC21/slim" xmlns:dcterms="http://purl.org/dc/terms/" xmlns:xsi="http://www.w3.org/2001/XMLSchema-instance" xmlns:doc="http://www.lyncode.com/xoai" xsi:schemaLocation="http://www.loc.gov/MARC21/slim http://www.loc.gov/standards/marcxml/schema/MARC21slim.xsd">
   <leader>00925njm 22002777a 4500</leader>
   <datafield ind2=" " ind1=" " tag="042">
      <subfield code="a">dc</subfield>
   </datafield>
   <datafield ind2=" " ind1=" " tag="720">
      <subfield code="a">Recalde, Martina</subfield>
      <subfield code="e">author</subfield>
   </datafield>
   <datafield ind2=" " ind1=" " tag="720">
      <subfield code="a">Manzano-Salgado, Cyntia B.</subfield>
      <subfield code="e">author</subfield>
   </datafield>
   <datafield ind2=" " ind1=" " tag="720">
      <subfield code="a">Díaz, Yesika</subfield>
      <subfield code="e">author</subfield>
   </datafield>
   <datafield ind2=" " ind1=" " tag="720">
      <subfield code="a">Puente, Diana</subfield>
      <subfield code="e">author</subfield>
   </datafield>
   <datafield ind2=" " ind1=" " tag="720">
      <subfield code="a">García Gil, María del Mar</subfield>
      <subfield code="e">author</subfield>
   </datafield>
   <datafield ind2=" " ind1=" " tag="720">
      <subfield code="a">Marcos-Gragera, Rafael</subfield>
      <subfield code="e">author</subfield>
   </datafield>
   <datafield ind2=" " ind1=" " tag="720">
      <subfield code="a">Ribes Puig, Josefa</subfield>
      <subfield code="e">author</subfield>
   </datafield>
   <datafield ind2=" " ind1=" " tag="720">
      <subfield code="a">Galceran, Jaume</subfield>
      <subfield code="e">author</subfield>
   </datafield>
   <datafield ind2=" " ind1=" " tag="720">
      <subfield code="a">Posso, Margarita</subfield>
      <subfield code="e">author</subfield>
   </datafield>
   <datafield ind2=" " ind1=" " tag="720">
      <subfield code="a">Macià, Francesc</subfield>
      <subfield code="e">author</subfield>
   </datafield>
   <datafield ind2=" " ind1=" " tag="720">
      <subfield code="a">Duarte Salles, Talita</subfield>
      <subfield code="e">author</subfield>
   </datafield>
   <datafield ind2=" " ind1=" " tag="260">
      <subfield code="c">2019-12-03</subfield>
   </datafield>
   <datafield ind2=" " ind1=" " tag="520">
      <subfield code="a">Electronic health records are becoming an increasingly valuable resource for epidemiology but their data quality needs to be quantified. We aimed to validate twenty-five types of incident cancer cases in the Information System for Research in Primary Care (SIDIAP) in Catalonia with the population-based cancer registries of Girona and Tarragona as the gold-standard.&#xd;
Methods: We calculated the sensitivity, positive predictive values (PPV), and the time-difference between the date of diagnosis entered into the SIDIAP and into the registries. We added hospital discharge cancer diagnoses to the SIDIAP to assess sensitivity changes.&#xd;
Results: We identified 27,046 incident cancer diagnoses in the SIDIAP from 2009–2015 among the 949,841 residents of Girona and Tarragona. The cancer types with the highest sensitivity were breast (89%, 95% CI: 88–90%), colorectal (81%, 95% CI: 80–82%), and prostate (81%, 95% CI: 80–83%). Trachea, bronchus and lung cancers had the highest PPV (76%, 95% CI: 74%-78%) followed by stomach (72%, 95% CI: 68–75%) and pancreas (71%, 95% CI: 67–75%). Most cancer diagnoses were reported with less than three months of difference between the SIDIAP and the registries. More cases were registered first in the registries than in the SIDIAP. By adding cancer diagnoses based on hospital discharge data, sensitivity increased for all cancers, especially for gallbladder and biliary tract for which the sensitivity increased by 21%.&#xd;
Conclusion: The SIDIAP includes 76% of the cancer diagnoses in the cancer registries but includes a considerable number of cases that are not in the registries. The SIDIAP reports most of the cancer diagnoses within a three-month period difference from the date of diagnosis in the cancer registries. Our results support the use of the SIDIAP cancer diagnoses for epidemiological research when cancer is the outcome of interest. We recommend adding hospital discharge data to the SIDIAP to increase data quality, particularly for less frequent cancer types</subfield>
   </datafield>
   <datafield ind1="8" ind2=" " tag="024">
      <subfield code="a">http://hdl.handle.net/10256/17371</subfield>
   </datafield>
   <datafield tag="653" ind2=" " ind1=" ">
      <subfield code="a">Càncer -- Diagnòstic</subfield>
   </datafield>
   <datafield tag="653" ind2=" " ind1=" ">
      <subfield code="a">Cancer -- Diagnosis</subfield>
   </datafield>
   <datafield ind2="0" ind1="0" tag="245">
      <subfield code="a">Validation Of Cancer Diagnoses In Electronic Health Records: Results From The Information System For Research In Primary Care (SIDIAP) In Northeast Spain</subfield>
   </datafield>
</record></metadata></record></GetRecord></OAI-PMH>